<?xml version="1.0" encoding="UTF-8"?>
<collection xmlns="http://www.loc.gov/MARC21/slim">
<record>
  <controlfield tag="001">170944</controlfield>
  <controlfield tag="005">20260430151735.0</controlfield>
  <datafield tag="024" ind1="7" ind2=" ">
    <subfield code="2">doi</subfield>
    <subfield code="a">10.30827/profesorado.v30i1.34054</subfield>
  </datafield>
  <datafield tag="024" ind1="8" ind2=" ">
    <subfield code="2">sideral</subfield>
    <subfield code="a">149033</subfield>
  </datafield>
  <datafield tag="037" ind1=" " ind2=" ">
    <subfield code="a">ART-2026-149033</subfield>
  </datafield>
  <datafield tag="041" ind1=" " ind2=" ">
    <subfield code="a">spa</subfield>
  </datafield>
  <datafield tag="100" ind1=" " ind2=" ">
    <subfield code="a">Ortiz de Santos, Rosa</subfield>
  </datafield>
  <datafield tag="245" ind1=" " ind2=" ">
    <subfield code="a">La educación se tuitea: Propuestas sobre el profesorado en las elecciones autonómicas</subfield>
  </datafield>
  <datafield tag="260" ind1=" " ind2=" ">
    <subfield code="c">2026</subfield>
  </datafield>
  <datafield tag="520" ind1="3" ind2=" ">
    <subfield code="a">El comportamiento electoral puede verse afectado por las estrategias de comunicación llevadas a cabo por parte de los partidos políticos durante la campaña electoral. Los partidos políticos, conscientes de la relevancia de las redes sociales como medio de obtención de información, las utilizan para difundir sus propuestas. En este artículo se analiza el tratamiento que le dieron al profesorado durante la campaña electoral —Podemos, PSOE, Ciudadanos, PP y VOX— en Twitter/X. Para ello, se han recuperado 463 tuits y, de ellos, se han analizado los 47 que mencionan explícitamente al profesorado. Se ha empleado la técnica de análisis documental con un enfoque cualitativo. Los resultados evidencian que, pese al valor que adquieren las redes sociales —Twitter/X en particular— en la comunicación política, no se explotan todas sus posibilidades en el terreno educativo ni, particularmente, en todo lo relacionado con la figura y la labor del profesorado. El tema que más tuits genera es el de los anuncios de políticas de contratación de docentes, seguido de la promesa de unas mejores condiciones laborales. La consideración del profesorado como autoridad pública es otro de los temas frecuentes de los partidos de la derecha política. El reconocimiento a la labor docente se trata como una estrategia de persuasión emocional o demagógica, mientras que la formación del profesorado aparece de forma anecdótica. En definitiva, el discurso se caracteriza por promesas de medidas poco concretas, que no responden a la complejidad de la tarea docente y su rol dentro del sistema educativo, dando lugar a una visibilidad retórica del profesorado que resulta más simbólica que programática.</subfield>
  </datafield>
  <datafield tag="506" ind1="0" ind2=" ">
    <subfield code="a">Access copy available to the general public</subfield>
    <subfield code="f">Unrestricted</subfield>
  </datafield>
  <datafield tag="540" ind1=" " ind2=" ">
    <subfield code="9">info:eu-repo/semantics/openAccess</subfield>
    <subfield code="a">by-nc</subfield>
    <subfield code="u">https://creativecommons.org/licenses/by-nc/4.0/deed.es</subfield>
  </datafield>
  <datafield tag="655" ind1=" " ind2="4">
    <subfield code="a">info:eu-repo/semantics/article</subfield>
    <subfield code="v">info:eu-repo/semantics/publishedVersion</subfield>
  </datafield>
  <datafield tag="700" ind1=" " ind2=" ">
    <subfield code="a">Torrego Egido, Luis</subfield>
  </datafield>
  <datafield tag="700" ind1=" " ind2=" ">
    <subfield code="a">Lorenzo Lacruz, Juan</subfield>
    <subfield code="u">Universidad de Zaragoza</subfield>
    <subfield code="0">(orcid)0000-0003-3644-9101</subfield>
  </datafield>
  <datafield tag="710" ind1="2" ind2=" ">
    <subfield code="1">4001</subfield>
    <subfield code="2">215</subfield>
    <subfield code="a">Universidad de Zaragoza</subfield>
    <subfield code="b">Dpto. Ciencias de la Educación</subfield>
    <subfield code="c">Área Didáctica y Organiz. Esc.</subfield>
  </datafield>
  <datafield tag="773" ind1=" " ind2=" ">
    <subfield code="g">30, 1 (2026), [21 pp.]</subfield>
    <subfield code="p">Profesorado (Granada)</subfield>
    <subfield code="t">Profesorado</subfield>
    <subfield code="x">1138-414X</subfield>
  </datafield>
  <datafield tag="856" ind1="4" ind2=" ">
    <subfield code="s">898117</subfield>
    <subfield code="u">http://zaguan.unizar.es/record/170944/files/texto_completo.pdf</subfield>
    <subfield code="y">Versión publicada</subfield>
  </datafield>
  <datafield tag="856" ind1="4" ind2=" ">
    <subfield code="s">1575456</subfield>
    <subfield code="u">http://zaguan.unizar.es/record/170944/files/texto_completo.jpg?subformat=icon</subfield>
    <subfield code="x">icon</subfield>
    <subfield code="y">Versión publicada</subfield>
  </datafield>
  <datafield tag="909" ind1="C" ind2="O">
    <subfield code="o">oai:zaguan.unizar.es:170944</subfield>
    <subfield code="p">articulos</subfield>
    <subfield code="p">driver</subfield>
  </datafield>
  <datafield tag="951" ind1=" " ind2=" ">
    <subfield code="a">2026-04-30-13:57:36</subfield>
  </datafield>
  <datafield tag="980" ind1=" " ind2=" ">
    <subfield code="a">ARTICLE</subfield>
  </datafield>
</record>
</collection>